<?xml version="1.0" encoding="UTF-8"?>
<record
    xmlns:xsi="http://www.w3.org/2001/XMLSchema-instance"
    xsi:schemaLocation="http://www.loc.gov/MARC21/slim http://www.loc.gov/standards/marcxml/schema/MARC21slim.xsd"
    xmlns="http://www.loc.gov/MARC21/slim">

  <leader>01393nam a2200193 i 4500</leader>
  <controlfield tag="001">167014</controlfield>
  <controlfield tag="003">ES-MaACL</controlfield>
  <controlfield tag="005">20230906213437.0</controlfield>
  <controlfield tag="008">000717m18461857it ac        |||| | ita d</controlfield>
  <datafield tag="040" ind1=" " ind2=" ">
    <subfield code="a">CCPB | B </subfield>
    <subfield code="b">spa </subfield>
    <subfield code="c">CCPB | B</subfield>
  </datafield>
  <datafield tag="100" ind1="1" ind2=" ">
    <subfield code="a">Vasari, Giorgio (</subfield>
    <subfield code="d">1511-1574)</subfield>
    <subfield code="9">113257</subfield>
  </datafield>
  <datafield tag="245" ind1="1" ind2="3">
    <subfield code="a">Le vite de pi&#xF9; eccellenti pittori, scultori e architetti, di Giorgio Vasari / </subfield>
    <subfield code="c">pubblicate per cura di una Societ&#xE0; di amatori delle Arti belle.</subfield>
  </datafield>
  <datafield tag="260" ind1=" " ind2=" ">
    <subfield code="a">Firenze : </subfield>
    <subfield code="b">Felice le Monnier, </subfield>
    <subfield code="c">1846-1857.</subfield>
  </datafield>
  <datafield tag="300" ind1=" " ind2=" ">
    <subfield code="a">14 v. (XXXVII, 351 p., [8] h. de grab. ; [4], 263 p., [19] h. de grab. ; [4], 295 p., [14] h. de grab. ; 298 p., [13] h. de grab. ; [4], 351 p., [4] h. de grab. ; [6], 249 p., [8] h. de grab. ; [4], IV, 307 p., [14] h. de grab. ; [4], 299 p., [17] h. de grab. ; [4], 355 p., [8] h. de grab. ; [4], 343 p., [11] h. de grab. ; [4], 411 p., [6] h. de grab. ; [6], 357 p., [3] h. de grab. ; XLII, 307 p.) : </subfield>
    <subfield code="b">il. ; </subfield>
    <subfield code="c">18 cm.</subfield>
  </datafield>
  <datafield tag="599" ind1=" " ind2=" ">
    <subfield code="a">Las h. de grab. son litogr., retratos de los biografiados.</subfield>
  </datafield>
  <datafield tag="599" ind1=" " ind2=" ">
    <subfield code="a">Ilustraciones litogr.</subfield>
  </datafield>
  <datafield tag="650" ind1=" " ind2="4">
    <subfield code="a">Artistas-</subfield>
    <subfield code="x">Biograf&#xED;as.</subfield>
    <subfield code="9">135632</subfield>
  </datafield>
  <datafield tag="852" ind1=" " ind2=" ">
    <subfield code="a">ES-MaACL</subfield>
    <subfield code="j">F-12207-20 </subfield>
    <subfield code="z">-- Enc. hol. </subfield>
    <subfield code="x">-- Edic.: 14 v.  -- 1846-1870 -- El t.XIV fechado en 1870, siendo el ed. Successori Le Monnier -- En la descripci&#xF3;n se han saltado la secuencia de pag. del t.IV (253 p., [17] h. de l&#xE1;m.)-- En antep. consta la serie: (Raccolta artistica; 2-15)</subfield>
  </datafield>
  <datafield tag="999" ind1=" " ind2=" ">
    <subfield code="c">167014</subfield>
    <subfield code="d">167014</subfield>
  </datafield>
  <datafield tag="952" ind1=" " ind2=" ">
    <subfield code="0">0</subfield>
    <subfield code="1">0</subfield>
    <subfield code="4">0</subfield>
    <subfield code="7">0</subfield>
    <subfield code="8">LIBXIX</subfield>
    <subfield code="a">ATENEOM</subfield>
    <subfield code="b">ATENEOM</subfield>
    <subfield code="c">SPP2</subfield>
    <subfield code="d">2008-01-17</subfield>
    <subfield code="l">0</subfield>
    <subfield code="o">F-12207-20</subfield>
    <subfield code="p">1175195</subfield>
    <subfield code="r">2023-02-23 00:00:00</subfield>
    <subfield code="w">2023-02-23</subfield>
    <subfield code="y">MONANT</subfield>
  </datafield>
</record>
